书目信息 |
| 题名: |
镜殇
|
|
| 作者: | 呼延云 著 | |
| 分册: | ||
| 出版信息: | 南宁 广西人民出版社 2010.05 |
|
| 页数: | 284页 | |
| 开本: | 24cm | |
| 丛书名: | ||
| 单 册: | ||
| 中图分类: | I247.56 | |
| 科图分类: | ||
| 主题词: | 长篇小说 , 长篇小说--中国--现代 | |
| 电子资源: | ||
| ISBN: | 978-7-219-06926-4 | |
| 000 | 00631nam0 2200241 450 | |
| 001 | 1153030134 | |
| 005 | 20111231144413.20 | |
| 010 | @a978-7-219-06926-4@dCNY28.00 | |
| 090 | @aI247.56@bhyy | |
| 096 | @aI247.56@bhyy | |
| 100 | @a20100716d2010 em y0chiy50 ea | |
| 101 | 0 | @achi |
| 102 | @aCN@b450000 | |
| 105 | @ay z 000ay | |
| 200 | 1 | @a镜殇@9jing shang@b专著@f呼延云著 |
| 210 | @a南宁@c广西人民出版社@d2010.05 | |
| 215 | @a284页@d24cm | |
| 606 | 0 | @a长篇小说 |
| 606 | 0 | @a长篇小说@y中国@z现代 |
| 690 | @aI247.56@v4 | |
| 701 | 0 | @a呼延云@9hu yan yun@4著 |
| 801 | 0 | @aCN@bCL@c20100601 |
| 905 | @aZUCC@dI247.56@eH444 | |
| 镜殇/呼延云著.-南宁:广西人民出版社,2010.05 |
| 284页;24cm |
| ISBN 978-7-219-06926-4:CNY28.00 |
| ● |
| 相关链接 |
|
|
|
正题名:镜殇
索取号:I247.56/H444
 
预约/预借
| 序号 | 登录号 | 条形码 | 馆藏地/架位号 | 状态 | 备注 |
| 1 | 467702 | 204677028 | 文学库108/108文学库 45排9列4层/ [索取号:I247.56/H444] | 在馆 | |
| 2 | 467703 | 204677037 | 文学库108/108文学库 45排9列4层/ [索取号:I247.56/H444] | 在馆 | |
| 3 | 467704 | 204677046 | 社科二线400B/400B社科库 6排4列4层/ [索取号:I247.56/H444] | 在馆 |